Ram ki yatra/ (Record no. 71671)

000 -LEADER
fixed length control field 00457nam a22001577a 4500
020 ## - INTERNATIONAL STANDARD BOOK NUMBER
International Standard Book Number 9788181113115
082 ## - DEWEY DECIMAL CLASSIFICATION NUMBER
Classification number H1
Item number ARA/R
100 ## - MAIN ENTRY--PERSONAL NAME
Personal name Aravindakshan A
9 (RLIN) 46739
245 ## - TITLE STATEMENT
Title Ram ki yatra/
Statement of responsibility, etc. by Aravindakshan A
260 ## - PUBLICATION, DISTRIBUTION, ETC.
Place of publication, distribution, etc. Madhura:
Name of publisher, distributor, etc. Jawahar Pusthakalay,
Date of publication, distribution, etc. 2015.
300 ## - PHYSICAL DESCRIPTION
Extent 48p.
650 ## - SUBJECT ADDED ENTRY--TOPICAL TERM
Topical term or geographic name entry element Poetry Hindi
9 (RLIN) 46740
650 ## - SUBJECT ADDED ENTRY--TOPICAL TERM
Topical term or geographic name entry element Literature Hindi
9 (RLIN) 46741
650 ## - SUBJECT ADDED ENTRY--TOPICAL TERM
Topical term or geographic name entry element Literature
9 (RLIN) 46742
942 ## - ADDED ENTRY ELEMENTS (KOHA)
Koha item type Book
Holdings
Withdrawn status Lost status Damaged status Not for loan Permanent Location Current Location Shelving location Date acquired Cost, normal purchase price Total Checkouts Full call number Barcode Date last seen Price effective from Koha item type
        Sree Sankaracharya University of Sanskrit Sree Sankaracharya University of Sanskrit Stacks 28.05.2018 100.00   H1 ARA/R 089456 28.05.2018 28.05.2018 Book